Alphabet en logo - Statistiques

Statistiques générales
  • Ce quiz a été pris 2 192 fois
  • Le résultat moyen est 18 sur 26
Statistiques - réponses
Par images Réponse % Correct
Facebook
98%
Google
98%
McDonald's
96%
Pinterest
93%
X-Box
91%
Yahoo
91%
Honda
90%
Kellogg's
90%
Nespresso
84%
Suzuki
83%
Champion
81%
Edge
81%
Wikipedia
77%
Adobe
73%
Lexus
72%
Juventus
70%
Visa
68%
Les Indestructibles
66%
Rockstar Games
63%
Zorro
59%
Opera
58%
Dunlop
45%
Unilever
38%
Bridgestone
36%
T-Mobile
23%
Quicktime
14%
Aucun quiz correspondant
Distribution des résultats
% des personnes avec chaque résultat
Percentile par nombre de réponses
Votre historique - résultats
Vous n’avez pas pris ce quiz